Zľavu poskytujeme okamžite

Otvorenie novej predajne hobbymarketového reťazca Hornbach v Bratislave. Každé oddelenie má svoje poradenské centrum a fundovaného odborníka. Rozdelenie sortimentu v Hornbachu. "Drive in" v predaji stavebných materiálov. Novinkou sú živé zvieratá. Cenotvorba - zľavy poskytujú okamžite. Ľudské zdroje...

Descrizione completa

Salvato in:
Dettagli Bibliografici
Autore principale: Košťál, Daniel
Natura: Capitolo di libro
Lingua:slovacco
Soggetti:
Tags: Aggiungi Tag
Nessun Tag, puoi essere il primo ad aggiungerne!!

MARC

LEADER 00000naa$a2200000$$$4500
001 0017739
005 20231107125343.7
041 0 |a slo 
044 |a SK 
245 1 0 |a Zľavu poskytujeme okamžite  |c aut. Daniel Košťál 
520 |a Otvorenie novej predajne hobbymarketového reťazca Hornbach v Bratislave. Každé oddelenie má svoje poradenské centrum a fundovaného odborníka. Rozdelenie sortimentu v Hornbachu. "Drive in" v predaji stavebných materiálov. Novinkou sú živé zvieratá. Cenotvorba - zľavy poskytujú okamžite. Ľudské zdroje. 
610 2 0 |a reťazce obchodné 
610 2 0 |a Slovensko 
100 1 |a Košťál, Daniel